Statystyki dla Kody samochodowe Europy

Kliknij tutaj aby rozwiązać quiz!

Ogólne statystyki

  • Ten quiz został rozwiązany 138 razy
    (80 od ostatniego zresetowania)
  • Średni wynik to 27 z 55

Statystyki odpowiedzi

PaństwoKod
samochodowy
% Poprawnych
AlbaniaAL
92%
BelgiaB
86%
AustriaA
84%
FrancjaF
84%
PolskaPL
81%
CzechyCZ
78%
GrecjaGR
77%
PortugaliaP
77%
NiemcyD
73%
HiszpaniaE
73%
NorwegiaN
72%
WłochyI
70%
IslandiaIS
70%
LuksemburgL
69%
FinlandiaFIN
68%
RosjaRUS
68%
EstoniaEST
66%
MaltaM
66%
SzwecjaS
66%
BułgariaBG
65%
IrlandiaIRL
65%
Wielka
Brytania
GB
64%
RumuniaRO
64%
Bośnia i
Hercegowina
BIH
59%
WęgryH
58%
LitwaLT
58%
UkrainaUA
58%
KazachstanKZ
57%
AndoraAND
55%
HolandiaNL
55%
TurcjaTR
55%
DaniaDK
51%
SłoweniaSLO
51%
ChorwacjaHR
50%
ŁotwaLV
49%
SłowacjaSK
47%
SerbiaSRB
47%
BiałoruśBY
42%
MołdawiaMD
42%
SzwajcariaCH
31%
MonakoMC
22%
CzarnogóraMNE
15%
Macedonia
Północna
NMK
14%
KosowoRKS
11%
Wyspy OwczeFO
9%
GuernseyGBG
9%
JerseyGBJ
9%
LiechtensteinFL
8%
AlderneyGBA
8%
GibraltarGBZ
8%
Wyspa ManGBM
7%
San MarinoRSM
5%
Wyspy
Alandzkie
AX
3%
NaddniestrzePMR
3%
WatykanSCV
3%

Rozkład punktacji

Percentyl według liczby udzielonych odpowiedzi

Procent ludzi z każdym wynikiem

Twoja historia wyników

Nie rozwiązałeś tego quizu od ostatniego zresetowania